Types of Pikmin - Statistics

General Stats
  • This quiz has been taken 453 times
    257 since last reset
  • The average score is 9 of 10
Answer Stats
Debut Pikmin % Correct
Pikmin Blue Pikmin
99%
Pikmin Red Pikmin
99%
Pikmin Yellow Pikmin
99%
Pikmin 2 Purple Pikmin
97%
Pikmin 3 Rock Pikmin
96%
Pikmin 2 White Pikmin
96%
Pikmin 3 Winged Pikmin
93%
Pikmin 4 Ice Pikmin
90%
Pikmin 4 Glow Pikmin
89%
Pikmin 2 Bulbmin
65%
No matching quizzes found
Score Distribution
Percent of People with Each Score
Percentile by Number Answered
Your Score History
You have not taken this quiz since the last reset